Právo a software 1 : Sborník prednášek o právní úpravě ochrany a nakládání se softwarem

Gespeichert in:
Bibliographische Detailangaben
Format: Buch
Sprache:Tschechisch
Veröffentlicht: Praha : 2N, 1990
Schlagworte:
Tags: Tag hinzufügen
Keine Tags, Fügen Sie das erste Tag hinzu!

MARC

LEADER 00000nam a22000003a 4500
001 stu1804
005 20150408175754.5
008 920602s1990----cs------------------cze-d
020 |a 80-900120-5-1 
040 |a STU  |b slo 
041 0 |a cze 
044 |a cs 
080 |a 681.3.06 
080 |a 347.77/.78  |7 stu_us_auth*stu16794 
080 |a 061.3(08) 
245 |a Právo a software 1 :  |b Sborník prednášek o právní úpravě ochrany a nakládání se softwarem 
260 |a Praha :  |b 2N,  |c 1990 
300 |a 110 s 
650 7 |a počítačové právo  |2 stusub 
996 |c I*Z9911  |l I  |s A  |a 24  |w stu1804_0002